01149nam a2200193Ia 4500001000900000003001000009008004100019040002500060041001300085100002200098245005300120250001100173260006600184300002800250500026000278501011400538520026000652650004300912L130-935IT-CnALBA170116s9999||||xx |||||||||||||| ||und|| aIT-CnALBAcIT-CnALBA aITALIANO aBUSNELLI GIOVANNI 0aLA REINCARNAZIONE. MANUALE DI TEOSOFIA PARTE IV  a2a ed. a ROMAbLA CIVILTÀ CATTOLICA EDIZIONI c1915 [1° Ed.: n.d.] a404 p. (prefazione: 10) aTESOFIA E REINCARNAZIONE. REINCARNAZIONE E FEDE CATTOLICA. REINCARNAZIONE CATTOLICA. REINCARNAZIONE NEL NUOVO TESTAMENTO. REINCARNAZIONE E PREESISTENZA DELL'ANIMA. REMINISCENZE UMANE DELLE VITE ANTERIORI. ORIGENE E KARMA. KARMA COSCIENZA MORALE E NIRVANA. aSocietà San Paolo EM - Piazza San Paolo, 14 - 12051 ALBA (CN) (non commercial uses only) ® Copyright 2017 aTESOFIA E REINCARNAZIONE. REINCARNAZIONE E FEDE CATTOLICA. REINCARNAZIONE CATTOLICA. REINCARNAZIONE NEL NUOVO TESTAMENTO. REINCARNAZIONE E PREESISTENZA DELL'ANIMA. REMINISCENZE UMANE DELLE VITE ANTERIORI. ORIGENE E KARMA. KARMA COSCIENZA MORALE E NIRVANA. aPSICOLOGIA POPOL. PARAPSICOL. OCCULTIS